एक दूजे के लिए / (Record no. 8275)

MARC details
000 -LEADER
fixed length control field 01112 a2200241 4500
005 - DATE AND TIME OF LATEST TRANSACTION
control field 20080923102855.0
008 - FIXED-LENGTH DATA ELEMENTS--GENERAL INFORMATION
fixed length control field 080923t xxu||||| |||| 00| 0 hin d
010 ## - LCCN (DPL NO)
LC control number HIN-81364
020 ## - INTERNATIONAL STANDARD BOOK NUMBER
Terms of availability 100.00
035 ## - SYSTEM CONTROL NUMBER
System control number HN-53710
037 ## - SOURCE OF ACQUISITION
Source of stock number/acquisition D.B.Act / Pub
082 ## - DEWEY DECIMAL CLASSIFICATION NUMBER
Classification number 822
100 ## - MAIN ENTRY--PERSONAL NAME
Personal name श्रीवास्तव,विनय
245 ## - TITLE STATEMENT
Title एक दूजे के लिए /
Statement of responsibility, etc विनय श्रीवास्तव
246 ## - VARYING FORM OF TITLE
Title proper/short title Ek Dooje ke liye
Remainder of title By-Vinay Shreewastev
260 ## - PUBLICATION, DISTRIBUTION, ETC. (IMPRINT)
Place of publication, distribution, etc दिल्ली
Name of publisher, distributor, etc गंगा प्रकाशन
Date of publication, distribution, etc 2006
270 ## - ADDRESS
Address 518/6-बी,कडकडी रोड,विशवास नगर,शाहदरा
City दिल्ली
Postal code 110032
300 ## - PHYSICAL DESCRIPTION
Extent 96पृ
Dimensions 22सेमी(सजिल्द)
650 ## - SUBJECT ADDED ENTRY--TOPICAL TERM
Topical term or geographic name as entry element हिन्दी नाटक
650 ## - SUBJECT ADDED ENTRY--TOPICAL TERM
Topical term or geographic name as entry element Hindi Play
942 ## - ADDED ENTRY ELEMENTS (KOHA)
Institution code [OBSOLETE] dpl
Item type Hindi Books
Call number prefix 822 / श्रीवास्त
Source of classification or shelving scheme Dewey Decimal Classification
Classification part 822
Call number suffix श्रीवास्त
Holdings
Withdrawn status Lost status Source of classification or shelving scheme Damaged status Not for loan Home library Current library Date acquired Cost, normal purchase price Total Checkouts Full call number Barcode Date last seen Copy number Cost, replacement price Koha item type
    Dewey Decimal Classification     D.B.Act.Division D.B.Act.Division 23/09/2008 100.00   822 श्रीवास्त HN-53710 15/09/2008 1 100.00 Hindi Books

© Delhi Public Library
Hit Counter
free hit counter